000 00624na a2200217 4500
001 16800
003 MIRAKIL
005 20181213154923.0
008 161013b tu 000 0
040 _aMilas
_btur
_cTR-AnCHP
041 _atur
082 _a351.99
_bD65b 2007
090 _a351.99 D65b 2007
100 _aDomaniç, Hayri
245 _aBasın haberlerinden öğrenilen devlet hataları
_bözet eleştiriler, temenniler
_cHayri Domaniç
260 _aİstanbul
_bArıkan
_c2007
300 _axxxv, 387 s.
_c24 sm.
650 _aBasın
_xHaberler
650 _aDevlet ve yönetim
_xHaberler
942 _2ddc
_cBKS
999 _c3173
_d3173